000 00700nam a2200253Ia 4500
005 20260429112117.0
008 260429s9999||||xx |||||||||||||| ||und||
020 _a9781032795133
041 _aEnglish
082 _a678.048
_bBHO
100 _aBhowmick, Anil K.
245 0 _aSustainable materials for rubber and allied industries /
_cAnil K. Bhowmick
250 _a1st ed.
260 _aBoca Raton :
_bCRC Press,
_c2026.
300 _axxi, 678 p.; hb
650 _a Industries
650 _a Sustainable materials
650 _aRubber
700 _a Chanda, Jagannath
700 _a Koley, riya
700 _a Mukhopadhyay, Rabindra
700 _a Samui, Barun Kumar
942 _cTB
999 _c52403
_d52403